000 00845nmm a2200253 a 4500
001 ocm000891782
003 TR-IsHL
005 20201028144806.0
008 141121s2012 tu tur
007 cr cn
035 _a891782
_b(N$T)
050 0 4 _aCT88
_b.H39 2012
090 0 4 _aCT88
_b.H39 2012
245 1 0 _aHayatınızı değiştiren 10 kişi
_h[electronic resource] /
_cderleyen Emine Ebru
260 _aİstanbul :
_bKafekültür Yayıncılık,
_c2012
300 _a107 p.
650 4 _aGenel Çalışmalar
650 4 _aGeneral Works
650 0 _aÜnlüler
_x Biyografi
_x Anekdotlar
650 0 _aCelebrities
_xBiography
_xAnecdotes
650 7 _aBIOGRAPHY & AUTOBIOGRAPHY / General
_2bisacsh
700 1 _aEbru, Emine
856 4 0 _uhttp://search.ebscohost.com/login.aspx?direct=true&scope=site&db=e011xww&AN=891782
999 _c9617
_d9617